Every 100,000+ city in China: Zhejiang - Statistics

General Stats
  • This quiz has been taken 2 times
  • The average score is 30 of 76
Answer Stats
Letter Population City % Correct
C 2,319,035 Cixi
100%
H 12,410,992 Hangzhou
100%
N 8,141,004 Ningbo
100%
Q 1,337,820 Quzhou
100%
S 3,206,020 Shaoxing
100%
T 4,408,026 Taizhou
100%
W 5,192,801 Wenzhou
100%
Y 3,095,310 Yiwu
100%
Y 311,660 Yueqing
100%
A 415,820 Anji
50%
C 526,002 Changxing
50%
C 138,060 Chun'An
50%
D 255,059 Deqing
50%
D 177,320 Dongtou
50%
D 609,042 Dongyang
50%
F 330,091 Fenghua
50%
H 421,110 Haining
50%
H 273,306 Haiyan
50%
H 1,260,313 Huzhou
50%
J 236,150 Jiande
50%
J 403,755 Jiashan
50%
J 1,827,223 Jiaxing
50%
K 204,970 Kaihua
50%
L 305,707 Lanxi
50%
L 386,640 Lin'An
50%
L 808,534 Lishui
50%
L 185,276 Longquan
50%
N 417,396 Ninghai
50%
P 132,100 Pan'An
50%
P 393,001 Pinghu
50%
Q 219,905 Qingtian
50%
Q 243,750 Qingyuan
50%
S 154,009 Sanmen
50%
S 730,235 Shangyu
50%
S 1,187,565 Shengzhou
50%
S 149,959 Songyang
50%
T 122,460 Taishun
50%
T 443,097 Tiantai
50%
T 350,085 Tonglu
50%
T 779,042 Tongxiang
50%
W 766,177 Wenling
50%
W 295,539 Wuyi
50%
X 258,082 Xiangshan
50%
X 232,085 Xianju
50%
X 512,117 Xinchang
50%
Y 135,782 Yongjia
50%
Y 503,210 Yongkang
50%
Y 225,194 Yuhuan
50%
Y 1,300,606 Yuyao
50%
Z 1,215,065 Zhoushan
50%
Z 1,055,090 Zhuji
50%
B 337,290 Beilun
0%
C 521,709 Cangnan
0%
C 148,011 Changshan
0%
D 114,705 Daishan
0%
D 118,206 Diankou
0%
D 426,790 Dinghai
0%
F 362,101 Fuyang
0%
H 193,516 Hengdian
0%
H 145,017 Hongqiao
0%
J 410,106 Jiangshan
0%
J 156,123 Jingning
0%
J 1,442,098 Jinhua
0%
J 108,023 Jinyun
0%
L 631,105 Linhai
0%
L 201,088 Liushi
0%
L 1,106,655 Longgang
0%
L 180,805 Longyou
0%
N 367,240 Nanxun
0%
P 267,915 Pingyang
0%
P 292,800 Pujiang
0%
S 150,493 Shuitou
0%
S 120,044 Simen
0%
S 127,036 Suichang
0%
Y 181,044 Yunhe
0%
Z 170,092 Zhapu
0%
No matching quizzes found
Score Distribution
Percent of People with Each Score
Percentile by Number Answered
Your Score History
You have not taken this quiz